| 000 | 01100nam a22003257c 4500 | ||
|---|---|---|---|
| 003 | EG-GICUC | ||
| 005 | 20260203081505.0 | ||
| 008 | 260203s1975 -usad||fr|||| 000 0 eng d | ||
| 020 | _a0275058301 | ||
| 040 |
_aEG-GiCUC _beng _cEG-GiCUC _dEG-GiCUC _erda |
||
| 041 | 0 | _aeng | |
| 082 | 0 | 4 |
_221 _a341.81 _bTO . F |
| 092 | 0 | 4 | _221 |
| 099 | _aLaw 12 341.81 TO . F 1975 | ||
| 100 | 1 |
_aTorneden, Roger L _eAuthor. |
|
| 245 | 0 | 2 |
_aForeign Disinvestment By U.s. Multinational Corporations : _bWith Eight Case Studies / _cRoger L. Torneden. |
| 264 | 1 |
_aNew York : _bPraeger Publishers, _c1975. |
|
| 300 |
_a157 pages : _billustrations, _c24 cm. |
||
| 336 |
_2rda content _atext |
||
| 337 |
_2rda media _aComputer |
||
| 338 |
_2rda carrier _aOnline Resource |
||
| 490 | _aPraeger Special Studies In International Economics And Development | ||
| 504 | _aIncludes bibliographical references. | ||
| 546 | _aText in English | ||
| 650 | 1 | 4 |
_aPrivate international law _2 |
| 651 | 1 | _2 | |
| 856 | 4 | 0 | _uhttps://fll.law.cu.edu.eg/fulltext/bks/B12-02474.pdf |
| 905 | _a48 | ||
| 942 |
_2ddc _cBK _e21 _n0 |
||
| 999 |
_c60414 _d60414 |
||